=LDR 00000nam 2200000 4500 =001 INLIS000000000000941 =005 20130612085347 =008 ***********************************Ind** =035 ##$$0010-061300000000941 =041 ##$$a Ind =082 ##$$a 303.33 =090 ##$$a 303.33, Rus-k =100 ##$$a Russell, Bertrand =245 ##$$a Kekuasaan sebuah analisis sosial baru, Bertrand Russell; penerjemah Hasan Basari =260 ##$$a 1988 $b Jakarta =300 ##$$a viii, 243 hlm, 21 cm =650 ##$$a Kekuasaan =700 ##$$a Basari, Hasan =850 ##$$a NBPNMAT